[Event "Udaipur Kingdom of Chess op 1st"]
[Site "Udaipur"]
[Date "2024.10.27"]
[Round "9"]
[White "Aadish, Shah"]
[Black "Negi, Virender Singh"]
[Result "1-0"]
[WhiteElo "1695"]
[BlackElo "1851"]
[PlyCount "33"]
[EventDate "2024.10.23"]
[EventType "swiss"]
[EventRounds "9"]
[EventCountry "IND"]
[SourceTitle "CB44_2024"]
[Source "Chessbase"]
[SourceDate "2024.10.30"]
[SourceVersion "1"]
[SourceVersionDate "2024.10.30"]
[SourceQuality "1"]

1. e4 c5 2. Nf3 d6 3. d4 cxd4 4. Nxd4 Nf6 5. Nc3 a6 6. g3 e5 7. Nde2 Be7 8. Bg2 0-0 9. 0-0 b5 10. a3 Be6 11. h3 Nbd7 12. g4 Nb6 13. Ng3 d5 14. exd5 Nbxd5 15. g5 Nxc3 16. Qxd8 Bxd8 17. Bxa8 1-0